Los pueblos del mar: tras las huellas de los filisteos
Salvato in:
| Autori principali: | , |
|---|---|
| Natura: | Libro |
| Lingua: | spagnolo |
| Pubblicazione: |
Barcelona
Bellaterra
2002
|
| Serie: | Colección Arqueología
|
| Soggetti: | |
| Tags: |
Aggiungi Tag
Nessun Tag, puoi essere il primo ad aggiungerne!!
|
MARC
| LEADER | 00000nam a2200000 a 4500 | ||
|---|---|---|---|
| 001 | UCJ0645 | ||
| 003 | CL-VaPUC | ||
| 008 | 060825e20020000SP |||||||||||||||||spa|d | ||
| 020 | |a 8472901769 | ||
| 082 | 0 | 4 | |a 933 |b DOT |2 21 |
| 100 | 0 | |a Dothan, Trude |e author |9 500861 | |
| 700 | 0 | |a Dothan, Moshe |e author |9 500862 | |
| 245 | 1 | 4 | |a Los pueblos del mar: tras las huellas de los filisteos |
| 300 | |a 331 p | ||
| 942 | |c BK | ||
| 945 | |d 20060825 00:00:00 |a jtorresc | ||
| 260 | |a Barcelona |b Bellaterra |c 2002 | ||
| 650 | 0 | |a Historia antigua |9 267521 | |
| 650 | 7 | |a EDAD DE BRONCE |2 CL-VaPUC |9 500863 | |
| 650 | 0 | |a Civilizaciones antiguas |9 265998 | |
| 650 | 7 | |a ISRAELITAS |2 CL-VaPUC |9 438903 | |
| 583 | |a last modification |c 20140408 10:22:07 |k Rodrigo Vera | ||
| 490 | 0 | |a Colección Arqueología | |
| 999 | |c 317409 |d 317407 | ||
| 952 | |0 0 |1 0 |4 0 |6 933_000000000000000_DOT_2002 |7 0 |8 A |9 393753 |a BIBHIS |b BIBHIS |d 2019-11-22 |i 4262182 |o 933 DOT 2002 |p 4262182 |r 2025-01-20 |w 2019-11-22 |y BK |k HIS | ||